000 00568nam a2200217Ia 4500
005 20250508165033.0
008 008 250505s9999 xx 000 0 eng d
037 _aTextual
040 _aFEDL
_beng
_cFEDL
041 _aeng
_2eng
084 _a671.56, LAS
_qFEDL
100 _aLashko N
_9779783
245 0 _aBrazing and soldering of metals
260 _aMoscow
_bMir Publishers
_c1979
300 _a344p.
365 _aINR
_b19
546 _aMACESE
700 _a Lashko S
_9779784
942 _cTEXL
_h671.56, LAS
999 _c1392784
_d1392784